Southville International School and Colleges
Your cart is empty.
  • Cart
  • Lists
    Public lists Eva Luna New books Lux_list list_1
    Your lists Log in to create your own lists
  • Log in to your account
  • Your cookies
  • Search history
Southville International School and Colleges
  • Advanced search
  • Recent comments
  • Most popular
  • Libraries

Log in to your account

Log in with GOOGLE


If you do not have an external account, but do have a local account, you can still log in:

  1. Home
  2. MARC view: Anthropology and contemporary human problems/
Normal view MARC view ISBD view

Anthropology and contemporary human problems/ (Record no. 2701)

[ view plain ]
MARC details
000 -LEADER
fixed length control field 00687nam a22002297a 4500
003 - CONTROL NUMBER IDENTIFIER
control field DEla salle
005 - DATE AND TIME OF LATEST TRANSACTION
control field 20140310181739.0
008 - FIXED-LENGTH DATA ELEMENTS--GENERAL INFORMATION
fixed length control field 130322t xxu||||| |||| 00| 0 eng d
020 ## - INTERNATIONAL STANDARD BOOK NUMBER
International Standard Book Number 0874846714
050 ## - LIBRARY OF CONGRESS CALL NUMBER
Classification number GN 320
Item number .B668 1985
082 ## - DEWEY DECIMAL CLASSIFICATION NUMBER
Classification number TR 306.19
Item number B63 1985
245 ## - TITLE STATEMENT
Title Anthropology and contemporary human problems/
Statement of responsibility, etc John H. Bodley
250 ## - EDITION STATEMENT
Edition statement 2nd ed.
260 ## - PUBLICATION, DISTRIBUTION, ETC. (IMPRINT)
Place of publication, distribution, etc Palo Alto
Name of publisher, distributor, etc Mayfield Pub.
Date of publication, distribution, etc c1985
300 ## - PHYSICAL DESCRIPTION
Extent xv, 258 p.
Other physical details ill.
Dimensions 23 cm.
500 ## - GENERAL NOTE
General note Includes bibliographical references & index.
520 ## - SUMMARY, ETC.
Summary, etc 1. Primitive societies 2. Human ecology 3. Social problems
521 ## - TARGET AUDIENCE NOTE
Target audience note
541 ## - IMMEDIATE SOURCE OF ACQUISITION NOTE
-- 1
562 ## - COPY AND VERSION IDENTIFICATION NOTE
Number of copies 1
942 ## - ADDED ENTRY ELEMENTS (KOHA)
Source of classification or shelving scheme Library of Congress Classification
Koha item type
Call number prefix
Holdings
Withdrawn status Lost status Source of classification or shelving scheme Damaged status Home library Current library Shelving location Date acquired Total Checkouts Full call number Barcode Date last seen Date checked out Copy number Price effective from Koha item type
    Library of Congress Classification   Luxembourg Library Luxembourg Library Teachers Reference Section 03/22/2013 2 GN 320 .B668 1985 9388 06/03/2024 04/16/2024 1 10/03/2013 Books

Anthropology and contemporary human problems/

APA

(1985). Anthropology and contemporary human problems. Palo Alto: Mayfield Pub.

Chicago

1985. Anthropology and contemporary human problems. Palo Alto: Mayfield Pub.

Harvard

(1985). Anthropology and contemporary human problems. Palo Alto: Mayfield Pub.

MLA

Anthropology and contemporary human problems. Palo Alto: Mayfield Pub. 1985.

  • Place hold
  • Print
  • Cite
  • Add to your cart (remove)
  • Save record
    BIBTEX Dublin Core MARCXML MARC (non-Unicode/MARC-8) MARC (Unicode/UTF-8) MARC (Unicode/UTF-8, Standard) MODS (XML) RIS
  • More searches
    Search for this title in:
    Other Libraries (WorldCat) Other Databases (Google Scholar) Online Stores (Bookfinder.com) Open Library (openlibrary.org)

Exporting to Dublin Core...

SOUTHVILLE LIBRARY

Southville International School and Colleges Library

1281 Tropical Ave. Cor. Luxembourg St., BF Homes International, Las Pinas City

Tel. No. 8256374 / 252358 Loc. 117/146

Powered by Koha